000 00211 a2200097 4500
001 29923
100 _aBerry,
245 _aReligions of the world
260 _a
_bBrain & Noble London
_c
090 _c19925
_d19925
942 _aNUST-CAE
_cM
_c11030
999 _c264996
_d264996